<?xml version="1.0" encoding="UTF-8"?>
<record
    xmlns:xsi="http://www.w3.org/2001/XMLSchema-instance"
    xsi:schemaLocation="http://www.loc.gov/MARC21/slim http://www.loc.gov/standards/marcxml/schema/MARC21slim.xsd"
    xmlns="http://www.loc.gov/MARC21/slim">

  <leader>01731aam a2200325   4500</leader>
  <controlfield tag="001">768714001</controlfield>
  <controlfield tag="003">CO-MdFUSB</controlfield>
  <controlfield tag="005">20170512091511.0</controlfield>
  <controlfield tag="008">170512t2016    sp ||||f |||| 00| 0 spa d</controlfield>
  <datafield tag="020" ind1=" " ind2=" ">
    <subfield code="a">978-84-9879-022-1</subfield>
    <subfield code="q"> (Vol. 1)</subfield>
  </datafield>
  <datafield tag="020" ind1=" " ind2=" ">
    <subfield code="a">978-84-9879-151-8</subfield>
    <subfield code="q">(Vol. 2)</subfield>
  </datafield>
  <datafield tag="020" ind1=" " ind2=" ">
    <subfield code="a">978-84-9879-242-3</subfield>
    <subfield code="q">( Vol. 3)</subfield>
  </datafield>
  <datafield tag="020" ind1=" " ind2=" ">
    <subfield code="a">978-84-9879-610-0</subfield>
    <subfield code="q">(Vol. 4)</subfield>
  </datafield>
  <datafield tag="020" ind1=" " ind2=" ">
    <subfield code="a">978-84-9879-023-8</subfield>
    <subfield code="q">(Vol. 5)</subfield>
  </datafield>
  <datafield tag="040" ind1=" " ind2=" ">
    <subfield code="a">CO-MdFUSB</subfield>
    <subfield code="b">spa</subfield>
    <subfield code="c">CO-MdFUSB</subfield>
    <subfield code="d">CO-MdFUSBC</subfield>
    <subfield code="e">rda</subfield>
  </datafield>
  <datafield tag="041" ind1=" " ind2=" ">
    <subfield code="a">spa</subfield>
  </datafield>
  <datafield tag="082" ind1="0" ind2="4">
    <subfield code="a">R F4879f</subfield>
  </datafield>
  <datafield tag="245" ind1="1" ind2="0">
    <subfield code="a">Fil&#xF3;n de Alejandr&#xED;a </subfield>
    <subfield code="b">: obras completas </subfield>
    <subfield code="c"> / Edici&#xF3;n dirigida por Jos&#xE9; Pablo Mart&#xED;n</subfield>
  </datafield>
  <datafield tag="264" ind1=" " ind2="1">
    <subfield code="a">Madrid : </subfield>
    <subfield code="b">Trotta,</subfield>
    <subfield code="c">[2016]</subfield>
  </datafield>
  <datafield tag="264" ind1=" " ind2="4">
    <subfield code="c">&#xA9;2016</subfield>
  </datafield>
  <datafield tag="300" ind1=" " ind2=" ">
    <subfield code="a">5 volumenes</subfield>
    <subfield code="b">: </subfield>
    <subfield code="c">23 cm.</subfield>
  </datafield>
  <datafield tag="336" ind1=" " ind2=" ">
    <subfield code="2">rdacontent</subfield>
    <subfield code="a">1</subfield>
    <subfield code="b">a1</subfield>
  </datafield>
  <datafield tag="337" ind1=" " ind2=" ">
    <subfield code="2">rdamedia</subfield>
    <subfield code="a">2</subfield>
    <subfield code="b">5</subfield>
  </datafield>
  <datafield tag="338" ind1=" " ind2=" ">
    <subfield code="2">rdacarrier</subfield>
    <subfield code="a">2</subfield>
    <subfield code="b">5</subfield>
  </datafield>
  <datafield tag="501" ind1=" " ind2=" ">
    <subfield code="a">R&#xFA;stico</subfield>
  </datafield>
  <datafield tag="505" ind1="0" ind2="0">
    <subfield code="a">Volumen I : La creaci&#xF3;n del mundo seg&#xFA;n Mois&#xE9;s -- Alegor&#xED;as de las leyes I-II -- Volumen II : Sobre los querubines -- Los sacrificios de Abel y Ca&#xED;n -- Sobre los gigantes -- Sobre la inmutabilidad de Dios -- Sobre la agricultura -- Sobre la plantaci&#xF3;n -- Sobre la ebriedad -- Sobre la sobriedad -- Volumen III : La confusi&#xF3;n de la lengua -- La migraci&#xF3;n de Abraham -- El heredero de los bienes divinos -- Acerca de la uni&#xF3;n con los estudios preliminares -- Sobre la fuga y el encuentro -- Sobre el cambio de nombres -- Sobre Dios -- Volumen IV: Sobre los sue&#xF1;os -- Sobre Abraham -- Sobre Jos&#xE9; -- Sobre las virtudes -- Premios y castigos  --  Volumen V : Vida de Mois&#xE9;s I-II -- La vida contemplativa -- Contra Flaco -- Embajada ante Gayo. </subfield>
  </datafield>
  <datafield tag="600" ind1="0" ind2="7">
    <subfield code="a">Fil&#xF3;n,</subfield>
    <subfield code="c">de Alejandr&#xED;a</subfield>
    <subfield code="t">Obras Cl&#xE1;sicas</subfield>
  </datafield>
  <datafield tag="720" ind1=" " ind2=" ">
    <subfield code="a">Mart&#xED;n, Jos&#xE9; Pablo</subfield>
    <subfield code="e">director</subfield>
  </datafield>
  <datafield tag="942" ind1=" " ind2=" ">
    <subfield code="c">BK</subfield>
  </datafield>
  <datafield tag="952" ind1=" " ind2=" ">
    <subfield code="0">0</subfield>
    <subfield code="1">0</subfield>
    <subfield code="2">ddc</subfield>
    <subfield code="3">Vol. 3</subfield>
    <subfield code="4">0</subfield>
    <subfield code="7">0</subfield>
    <subfield code="8">REF</subfield>
    <subfield code="a">FUSBC</subfield>
    <subfield code="b">FUSBC</subfield>
    <subfield code="c">CLAS</subfield>
    <subfield code="d">2014-08-28</subfield>
    <subfield code="l">0</subfield>
    <subfield code="o">R F4879f </subfield>
    <subfield code="p">18535</subfield>
    <subfield code="r">2024-04-03 00:00:00</subfield>
    <subfield code="t">Ej. 1</subfield>
    <subfield code="w">2016-01-26</subfield>
    <subfield code="y">REF</subfield>
    <subfield code="B">0</subfield>
    <subfield code="I">INV2023</subfield>
  </datafield>
  <datafield tag="952" ind1=" " ind2=" ">
    <subfield code="0">0</subfield>
    <subfield code="1">0</subfield>
    <subfield code="2">ddc</subfield>
    <subfield code="3">Vol. 5</subfield>
    <subfield code="4">0</subfield>
    <subfield code="7">0</subfield>
    <subfield code="8">REF</subfield>
    <subfield code="a">FUSBC</subfield>
    <subfield code="b">FUSBC</subfield>
    <subfield code="c">CLAS</subfield>
    <subfield code="d">2014-09-11</subfield>
    <subfield code="l">0</subfield>
    <subfield code="o">R F4879f </subfield>
    <subfield code="p">18576</subfield>
    <subfield code="r">2024-04-03 00:00:00</subfield>
    <subfield code="t">Ej. 1</subfield>
    <subfield code="w">2016-01-26</subfield>
    <subfield code="y">REF</subfield>
    <subfield code="B">0</subfield>
    <subfield code="I">INV2023</subfield>
  </datafield>
  <datafield tag="952" ind1=" " ind2=" ">
    <subfield code="0">0</subfield>
    <subfield code="1">0</subfield>
    <subfield code="2">ddc</subfield>
    <subfield code="3">Vol. 2</subfield>
    <subfield code="4">0</subfield>
    <subfield code="7">0</subfield>
    <subfield code="8">REF</subfield>
    <subfield code="a">FUSBC</subfield>
    <subfield code="b">FUSBC</subfield>
    <subfield code="c">CLAS</subfield>
    <subfield code="d">2014-09-11</subfield>
    <subfield code="l">0</subfield>
    <subfield code="o">R F4879f </subfield>
    <subfield code="p">18575</subfield>
    <subfield code="r">2024-04-03 00:00:00</subfield>
    <subfield code="t">Ej. 1</subfield>
    <subfield code="w">2016-01-26</subfield>
    <subfield code="y">REF</subfield>
    <subfield code="B">0</subfield>
    <subfield code="I">INV2023</subfield>
  </datafield>
  <datafield tag="952" ind1=" " ind2=" ">
    <subfield code="0">0</subfield>
    <subfield code="1">0</subfield>
    <subfield code="2">ddc</subfield>
    <subfield code="3">Vol. 1</subfield>
    <subfield code="4">0</subfield>
    <subfield code="7">0</subfield>
    <subfield code="8">REF</subfield>
    <subfield code="a">FUSBC</subfield>
    <subfield code="b">FUSBC</subfield>
    <subfield code="c">CLAS</subfield>
    <subfield code="d">2014-09-11</subfield>
    <subfield code="l">0</subfield>
    <subfield code="o">R F4879f </subfield>
    <subfield code="p">18574</subfield>
    <subfield code="r">2024-04-03 00:00:00</subfield>
    <subfield code="t">Ej. 1</subfield>
    <subfield code="w">2016-01-26</subfield>
    <subfield code="y">REF</subfield>
    <subfield code="B">0</subfield>
    <subfield code="I">INV2023</subfield>
  </datafield>
  <datafield tag="952" ind1=" " ind2=" ">
    <subfield code="0">0</subfield>
    <subfield code="1">0</subfield>
    <subfield code="2">ddc</subfield>
    <subfield code="3">Vol. 4</subfield>
    <subfield code="4">0</subfield>
    <subfield code="7">0</subfield>
    <subfield code="8">REF</subfield>
    <subfield code="a">FUSBC</subfield>
    <subfield code="b">FUSBC</subfield>
    <subfield code="c">REF</subfield>
    <subfield code="d">2017-05-11</subfield>
    <subfield code="l">0</subfield>
    <subfield code="o">R F4879f</subfield>
    <subfield code="p">18684</subfield>
    <subfield code="r">2024-04-03 00:00:00</subfield>
    <subfield code="t">Ej. 1</subfield>
    <subfield code="w">2017-05-11</subfield>
    <subfield code="y">REF</subfield>
    <subfield code="I">INV2023</subfield>
  </datafield>
  <datafield tag="999" ind1=" " ind2=" ">
    <subfield code="c">44984</subfield>
    <subfield code="d">44984</subfield>
  </datafield>
</record>
